000 00993nam a22001817a 4500
005 20231204111759.0
010 _aHIN-126438
020 _c480.00
_a9789350132081
035 _aHN-98784
037 _bDBAD/PUB.
082 _a500
100 _aग्यानानी
_959383
245 _aउपकार केंद्रीय माध्यमिक शिक्षा बोर्ड दिल्ली केंद्रीय शिक्षक पात्रता परीक्षा;गणित एवं विज्ञान/
_cग्यानानी,दुबे,सिंह एवं गुप्ता
260 _bउपकार प्रकाशन
_aआगरा
270 _a2/11 ए स्वदेशी बीमा नगर (शाह सिनेमा के सामने)
_bआगरा
_e282002
300 _a450 पृ.;
_c27 सेमी (अजिल्द)
942 _adpl
_cHN
_2ddc
_h500
_mग्यानानी
999 _c199413
_d199413